00662nam a22001937a 4500999001900000005001700019010001300036020002600049035001300075037002600088082000800114100001800122245007600140260004500216270003900261300001900300500012700319942002200446 c164082d16408220190509154339.0 aB-728275 a9789387286344c600.00 aB-728275 bAksharesh Enterprises a340 aJain,Ashok K. aLaw guide for judicial service examinations Vol. II /cby Ashok K. Jain aDelhibAscent Publicationsc2019 (repr.) a21/29, Shakti NagarbDelhie110007 aVP.c24cm(Pbk) aConstitutional Law, Constitution of India, Public International Law, Human Rights, Jurisprudence, Transfer of Property Act 2ddccENh340mJAI